Evolution of anopheles gambiae in relation to humans and malaria/

Bewaard in:
Bibliografische gegevens
Hoofdauteur: White, Bradley J.
Andere auteurs: Besansky, Nora J., Collins, Frank H.
Formaat: Artikel
Taal:English
Onderwerpen:
Tags: Voeg label toe
Geen labels, Wees de eerste die dit record labelt!
Thư viện lưu trữ: Thư viện Trường Đại học Đà Lạt
LEADER 01037nam a2200337 4500
001 DLU110130752
005 ##20111111
040 # # |a DLU  |b eng 
041 # # |a eng 
044 # # |a us 
100 # # |a White, Bradley J. 
245 # # |a Evolution of anopheles gambiae in relation to humans and malaria/  |c Bradley J. White, Frank H. Collins, Nora J. Besansky. 
653 # # |a Adaptation 
653 # # |a Chromosomal inversions 
653 # # |a Coevolution 
653 # # |a Ecological speciation 
653 # # |a Heterogeneous genomic divergence 
653 # # |a Mosquito 
653 # # |a Sibling species complex 
700 # # |a Besansky, Nora J. 
700 # # |a Collins, Frank H. 
773 # # |t Annual Review of Ecology, Evolution, Systematics  |g Vol. 42 (2011), p. 111-132 
920 # # |a Phòng Tạp chí -- Trung tâm Thông tin - Thư viện Trường Đại học Đà Lạt 
994 # # |a DLU 
900 # # |a True 
911 # # |a Trương Bảo Trâm Anh 
925 # # |a G 
926 # # |a A 
927 # # |a BB 
980 # # |a Thư viện Trường Đại học Đà Lạt